Sports Quiz

Random Sports or Baseball Quiz

Current Yankees players, butnotpitchers Quiz Stats

 Plays Quiz not verified by Sporcle

Challenge
Share
Tweet
Embed
Score 0/19 Timer 15:00
0 Plays Today
Players % Correct
Jorge Posada
85.2%
Robinson Cano
85.2%
Derek Jeter
85.2%
Alex Rodriguez
85.2%
Mark Teixeira
81.5%
Curtis Granderson
77.8%
Nick Swisher
77.8%
Brett Gardner
70.4%
Russell Martin
59.3%
Francisco Cervelli
48.1%
Players % Correct
Eduardo Nunez
29.6%
Ramiro Pena
29.6%
Greg Golson
7.4%
Reegie Corona
3.7%
Brandon Laird
3.7%
Colin Curtis
3.7%
Melky Mesa
3.7%
Kevin Russo
3.7%
Jordan Parraz
0%

You're not logged in!

Compare scores with friends on all Sporcle quizzes.
Join for Free
OR
Log In

You Might Also Like...

Show Comments

Extras

Top Quizzes Today


Score Distribution

Your Account Isn't Verified!

In order to create a playlist on Sporcle, you need to verify the email address you used during registration. Go to your Sporcle Settings to finish the process.

Report this User

Report this user for behavior that violates our Community Guidelines.

Details: